Statistics for Harry Potter Teachers

Click here to take the quiz!

General Stats

  • This quiz has been taken 11,158 times
  • The average score is 16 of 19

Answer Stats

TeacherClass% Correct
Professor SnapePotions/Defense Against the Dark Arts
100%
Professor QuirrellDefense Against the Dark Arts
95%
Professor MoodyDefense Against the Dark Arts
94%
Professor LockhartDefense Against the Dark Arts
93%
Professor McGonagallTransfiguration
93%
Professor LupinDefense Against the Dark Arts
92%
Professor UmbridgeDefense Against the Dark Arts
92%
Professor SlughornPotions
91%
Professor FlitwickCharms
90%
Professor SproutHerbology
89%
Professor HagridCare of Magical Creatures
87%
Professor HoochFlying
87%
Professor TrelawneyDivination
85%
Professor BinnsHistory of Magic
76%
Professor CarrowDefense Against the Dark Arts
74%
FirenzeDivination
74%
Professor BurbageMuggle Studies
69%
Professor SinistraAstronomy
61%
Professor Silvanus KettleburnCare of Magical Creatures
47%

Score Distribution

Percentile by Number Answered

Percent of People with Each Score

Your Score History

You have not taken this quiz